<?xml version="1.0" encoding="UTF-8"?>
<record
    xmlns:xsi="http://www.w3.org/2001/XMLSchema-instance"
    xsi:schemaLocation="http://www.loc.gov/MARC21/slim http://www.loc.gov/standards/marcxml/schema/MARC21slim.xsd"
    xmlns="http://www.loc.gov/MARC21/slim">

  <leader>02296    a2200253   4500</leader>
  <controlfield tag="001">40779</controlfield>
  <controlfield tag="005">20260407155703.0</controlfield>
  <controlfield tag="008">260407a1971    arg                 spa d</controlfield>
  <controlfield tag="003">AR-UNSa-BCEJYS</controlfield>
  <datafield tag="040" ind1=" " ind2=" ">
    <subfield code="a">AR-UNSa-BCEJYS</subfield>
    <subfield code="b">spa</subfield>
    <subfield code="c">AR-UNSa-BCEJYS</subfield>
  </datafield>
  <datafield tag="080" ind1=" " ind2=" ">
    <subfield code="a">330.8</subfield>
    <subfield code="x">Historia de las teor&#xED;as, Doctrinas, Dogmas econ&#xF3;micos (pensamiento econ&#xF3;mico)</subfield>
  </datafield>
  <datafield tag="245" ind1="1" ind2="0">
    <subfield code="a">Historia del an&#xE1;lisis econ&#xF3;mico</subfield>
  </datafield>
  <datafield tag="264" ind1=" " ind2="1">
    <subfield code="a">Barcelona :</subfield>
    <subfield code="b">Ediciones Ariel</subfield>
    <subfield code="c">1971</subfield>
  </datafield>
  <datafield tag="300" ind1=" " ind2=" ">
    <subfield code="a">1371 p.</subfield>
    <subfield code="c">23 cm.</subfield>
  </datafield>
  <datafield tag="505" ind1=" " ind2=" ">
    <subfield code="a">Parte I: Introducci&#xF3;n. Alcance y m&#xE9;todo: 1. Introducci&#xF3;n y plan - 2. Interludio I. Las t&#xE9;cnicas del an&#xE1;lisis econ&#xF3;mico - 3. Interludio II. Desarrollos contempor&#xE1;neos en otras ciencias - 4. La sociolog&#xED;a de la econom&#xED;a -- Parte II: Desde los comienzos hasta la primera situaci&#xF3;n cl&#xE1;sica (hasta 1790 aproximadamente): 1. La ciencia econom&#xED;a grecorromana - 2. Los doctores escol&#xE1;sticos y los fil&#xF3;sofos del derecho natural - 3. Pol&#xED;ticos y panfletistas - 4. Los econometristas y Turgot - 5. Poblaci&#xF3;n, rendimientos, salarios y ocupaci&#xF3;n - 6. Valor y dinero - 7. La literatura "mercantilista" -- Parte III: De 1790 a 1870: 1. Introducci&#xF3;n y plan - 2. Trasfondo pol&#xED;tico-social - 3. El marco intelectual - 4. Revista de las tropas - 5. Econom&#xED;a general: corte transversal - 6. Econom&#xED;a general: Teor&#xED;a pura - 7. Moneda, cr&#xE9;dito y ciclos -- Parte IV: De 1870 a 1914 (Y posteriormente): 1. Introducci&#xF3;n y plan - 2. Trasfondo y estructuras - 3. Algunos desarrollos de campos lim&#xED;trofes - 4. La Sozialpolitik y el m&#xE9;todo hist&#xF3;rico - 5. La econom&#xED;a general del per&#xED;odo, los hombres y los grupos - 6. Econom&#xED;a general: car&#xE1;cter y contenio - 7. El an&#xE1;lisis del equilibrio - 8. Moneda, cr&#xE9;dito y ciclos -- Parte V: Conclusi&#xF3;n: esquema de los desarrollos modernos: 1. Introducci&#xF3;n y plan - 2. Desarrollos entrocados con el aparato de Marshall y Wicksell - 3. La ciencia econ&#xF3;mica en los pa&#xED;ses "totalitarios" - 4. La din&#xE1;mica y la investigaci&#xF3;n del ciclo econ&#xF3;mico - 5. Keynes y la macroeconom&#xED;a moderna</subfield>
  </datafield>
  <datafield tag="041" ind1=" " ind2=" ">
    <subfield code="a">spa</subfield>
  </datafield>
  <datafield tag="942" ind1=" " ind2=" ">
    <subfield code="c">BK</subfield>
  </datafield>
  <datafield tag="590" ind1=" " ind2=" ">
    <subfield code="a">niveau_biblio:m niveau_hierar:0</subfield>
  </datafield>
  <datafield tag="100" ind1="1" ind2=" ">
    <subfield code="a">Schumpeter, Joseph A.</subfield>
  </datafield>
  <datafield tag="700" ind1="1" ind2=" ">
    <subfield code="a">Schumpeter, Elizabeth Boody</subfield>
  </datafield>
  <datafield tag="700" ind1="1" ind2=" ">
    <subfield code="a">Sacrist&#xE1;n, Manuel</subfield>
  </datafield>
  <datafield tag="700" ind1="1" ind2=" ">
    <subfield code="a">Garc&#xED;a Dur&#xE1;n, Jos&#xE9; Antonio</subfield>
  </datafield>
  <datafield tag="700" ind1="1" ind2=" ">
    <subfield code="a">Serra, Narciso</subfield>
  </datafield>
  <datafield tag="999" ind1=" " ind2=" ">
    <subfield code="c">3307</subfield>
    <subfield code="d">3307</subfield>
  </datafield>
  <datafield tag="952" ind1=" " ind2=" ">
    <subfield code="0">0</subfield>
    <subfield code="1">0</subfield>
    <subfield code="4">0</subfield>
    <subfield code="7">0</subfield>
    <subfield code="a">BCEJYS</subfield>
    <subfield code="b">BCEJYS</subfield>
    <subfield code="c">16</subfield>
    <subfield code="d">2026-04-07</subfield>
    <subfield code="l">0</subfield>
    <subfield code="o">330.8 S392a</subfield>
    <subfield code="p">L23781</subfield>
    <subfield code="r">2026-04-07 15:57:03</subfield>
    <subfield code="w">2026-04-07</subfield>
    <subfield code="y">L</subfield>
  </datafield>
  <datafield tag="952" ind1=" " ind2=" ">
    <subfield code="0">0</subfield>
    <subfield code="1">0</subfield>
    <subfield code="4">0</subfield>
    <subfield code="7">0</subfield>
    <subfield code="a">BCEJYS</subfield>
    <subfield code="b">BCEJYS</subfield>
    <subfield code="c">16</subfield>
    <subfield code="d">2026-04-07</subfield>
    <subfield code="l">0</subfield>
    <subfield code="o">330.8 S392a</subfield>
    <subfield code="p">L26377</subfield>
    <subfield code="r">2026-04-07 15:57:03</subfield>
    <subfield code="w">2026-04-07</subfield>
    <subfield code="y">L</subfield>
  </datafield>
</record>
